| 000 | 00725nam a2200229Ia 4500 | ||
|---|---|---|---|
| 005 | 20250108124815.0 | ||
| 008 | 008 250107s9999 xx 000 0 eng d | ||
| 020 | _a978-93-91820-01-5 | ||
| 037 | _aTB | ||
| 040 |
_aCRL _beng _cCRL |
||
| 041 |
_aeng _2eng |
||
| 084 | _aw2,N P6 | ||
| 084 | _qCRL | ||
| 100 |
_aSharma Sadhna (Shyama Prasad) Ed.; Bisht Hansi Ed.; Gupta Chetna Ed. _9729881 |
||
| 245 | 0 |
_aAnalysis of ethical issues in contemporary scenario _cSharma Sadhna (Shyama Prasad) Ed.; Bisht Hansi Ed.; Gupta Chetna Ed. |
|
| 260 |
_aNew Delhi, India _bSwaraj Prakashan _c2260 |
||
| 300 | _a119p. | ||
| 365 |
_aINR _b95 |
||
| 650 | _aPHILOSOPHY | ||
| 942 |
_cTB _hw2,N P6 |
||
| 999 |
_c1234648 _d1234648 |
||